Top 15 Foreign Premier League Footballers - Statistics

General Stats
  • This quiz has been taken 24 times
  • The average score is 5 of 15
Answer Stats
Hint Answer % Correct
11 Salah
68%
1 Henry
58%
3 Ronaldo
58%
2 Drogba
47%
9 Aguero
42%
5 Bergkamp
37%
15 Cech
26%
14 Stam
26%
13 Suarez
26%
10 Toure
26%
7 Vidic
26%
4 Vieira
26%
6 Cantona
21%
12 Silva
21%
8 Van Nistelrooy
11%
No matching quizzes found
Score Distribution
Percent of People with Each Score
Percentile by Number Answered
Your Score History
You have not taken this quiz